Doutor Megalhães (Registo nº 4151)
[ vista simples ]
| 000 -Etiqueta do registo | |
|---|---|
| Cabeçalho | 00496nam a2200205 4500 |
| 005 - Identificador da versão | |
| Campo de controlo | 20240813122054.0 |
| 010 ## - Número internacional normalizado dos livros (ISBN) | |
| Número (ISBN) | 9789899642300 |
| 021 ## - Número do Depósito Legal | |
| Código do país | PT |
| Número | 301492/09 |
| 100 ## - Dados gerais de processamento | |
| Dados gerais de processamento | 20000115 c y0pory5003 ba |
| 102 ## - Pais de publicação ou produção | |
| País de publicação | Portugal |
| 101 0# - Língua de publicação | |
| Língua do texto, banda sonora, etc. | Português |
| 200 1# - Titulo e menção de responsabilidade | |
| Título próprio | Doutor Megalhães |
| Primeira menção de responsabilidade | Rita Sobral |
| Outras menções de responsabilidade | il. Cátia Viegas |
| 205 ## - Menção da edição | |
| Menção da edição | 1a ed. |
| 210 ## - Publicação, Distribuição, etc. | |
| Nome do editor, distribuidor, etc. | Entre Kapas |
| Data da publicação, distribuição, etc. | 2009 |
| 701 #1 - Nome de autor-pessoa física (co-responsabilidade principal) | |
| Palavra de ordem | Viegas |
| Outra parte do nome não tomada para palavra de ordem | Cátia |
| Código de função | Ilustrador / Técnico de desenho computorizado |
| 700 #1 - Nome de autor-pessoa física (responsabilidade principal) | |
| Número de registo de entrada de autoridade | 0000011 |
| Palavra de ordem | Sobral |
| Outra parte do nome não tomada para palavra de ordem | Rita |
| 942 ## - Elementos de entrada adicionados (Koha) | |
| Tipo de item no Koha | Livro |
| Situação do levantamento | Origin of item (home branch) (coded) | Biblioteca de empréstimo | Código de barras | Cota | Circulation type (not for loan) | Tipo de documento | Nota do exemplar | Damaged status |
|---|---|---|---|---|---|---|---|---|
| Biblioteca Escolar das Vendas | Biblioteca Escolar das Vendas | BEV2126 | 8POR SOB | Livro | Sem mensagem |
